000 01045nam a2200265 i 4500
001 152973
003 ES-MaACL
005 20250728144732.0
008 990303s1843 sp |||| |dspa d
040 _aCCPB | B
_bspa
_cCCPB | B
080 _a929.731(460.16)
080 _a94(460.16)".../14"
100 1 _aEvreux y Trastámara, Carlos d'
_cPríncipe de Viana (
_d1421-1461)
_9146767
245 1 0 _aCrónica de los reyes de Navarra /
_cescrita por D. Carlos Príncipe de Viana ; y corregida en vista de varios códices e ilustrada con notas por D. José Yanguas y Miranda.
260 _aPamplona :
_b[s.n.],
_c1843 (
_fImp. de D. Teodoro Ochoa)
300 _a[4], XLI, 210, [1] p. ;
_c21 cm.
597 _aAntep.
597 _aPort. con grab.
651 4 _aNavarra (Reino)-
_xHistoria.
_99115
651 4 _aNavarra (Reino)-
_xReyes y soberanos.
_9156129
700 1 _aYanguas y Miranda, José.
_9117557
700 1 _aOchoa de Alda, Teodoro,
_d1803-1878
_9130591
852 _aES-MaACL
_jC-366
_z-- Enc. hol.
999 _c152973
_d152973